000 00428nam a2200205Ia 4500
001 12857
003 GE_BSU
008 181216s||||||||xx |||||||||||||| ||und||
020 _a0330489461
040 _cGE_BSU
080 _a821.111-312.4
100 _aWalters,Minette.
245 _aAcid Row.
260 _aLondon.
260 _bPan Books.
260 _c2001
300 _a474p;18cm.
653 _aAcid Row.
942 _cBK
999 _c46027
_d46027